[Event "Wch Juvenil 2013 sub-14"]
[Site "Al-Ain UAE"]
[Date "2013.12.21"]
[Round "4.56"]
[White "Bedon, Kevin"]
[Black "Nacer, Mohamed Arezki"]
[Result "0-1"]
[WhiteElo "1671"]
[BlackElo "1866"]
[PlyCount "74"]
[EventDate "2013.12.19"]
[EventType "swiss"]
[EventRounds "11"]
[EventCountry "UAE"]
[Source "lmi"]
[SourceDate "2013.12.19"]

1. e4 e5 2. f4 Bc5 3. Nf3 d6 4. Bc4 Nf6 5. Nc3 O-O 6. d3 a6 7. Qe2 Nc6 8. f5
Na5 9. Bg5 b5 10. Bb3 Nxb3 11. axb3 c6 12. g3 Re8 13. h3 Bb7 14. Nh2 d5 15.
Bxf6 Qxf6 16. Ng4 Qd6 17. f6 h5 18. Nh2 Qxf6 19. Rf1 Qg5 20. Rf3 Rad8 21. Nf1
Bc8 22. Qh2 f5 23. Qg2 b4 24. Na4 Ba7 25. h4 Qg6 26. exf5 Bxf5 27. Ne3 Bc8 28.
O-O-O Qh6 29. Qd2 e4 30. Rf4 exd3 31. Nf1 dxc2 32. Kxc2 Bg4 33. Re1 Rxe1 34.
Qxe1 Qg6+ 35. Kd2 Re8 36. Rxg4 hxg4 37. Qd1 Qf5 0-1

[Event "Wch Juvenil 2013 sub-14"]
[Site "Al-Ain UAE"]
[Date "2013.12.21"]
[Round "4.57"]
[White "Kazakovskiy, Valeriy"]
[Black "Modi, Sachin"]
[Result "1-0"]
[WhiteElo "2023"]
[BlackElo "1658"]
[PlyCount "97"]
[EventDate "2013.12.19"]
[EventType "swiss"]
[EventRounds "11"]
[EventCountry "UAE"]
[Source "lmi"]
[SourceDate "2013.12.19"]

1. e4 c5 2. Nf3 Nc6 3. d4 cxd4 4. Nxd4 g6 5. c4 Nf6 6. Nc3 d6 7. Be2 Nxd4 8.
Qxd4 Bg7 9. Be3 O-O 10. Qd2 Bd7 11. O-O Bc6 12. f3 Qc7 13. Rac1 Rac8 14. b4 b6
15. Nd5 Bxd5 16. cxd5 Qb7 17. Bb5 Rfd8 18. a4 Nd7 19. Bc6 Qb8 20. f4 Nf6 21.
Qd3 Rf8 22. h3 h5 23. Bd4 Qc7 24. Rce1 Nd7 25. Bxg7 Kxg7 26. Qd4+ f6 27. Rf3
Rf7 28. Rg3 Kh7 29. Qd3 Nf8 30. h4 e5 31. f5 gxf5 32. Qf3 Rg7 33. Qxf5+ Kg8 34.
Rxg7+ Kxg7 35. Re3 Nh7 36. Rg3+ Kh8 37. Qxh5 Qe7 38. Qf5 Rg8 39. Rxg8+ Kxg8 40.
Kh2 Kg7 41. Kh3 Qf7 42. Qd7 Qxd7+ 43. Bxd7 Nf8 44. Bf5 Kh6 45. Kg4 a5 46. bxa5
bxa5 47. Kf3 Kh5 48. g3 Kh6 49. Ke3 1-0

[Event "Wch Juvenil 2013 sub-14"]
[Site "Al-Ain UAE"]
[Date "2013.12.21"]
[Round "4.58"]
[White "Koniahli, Malek"]
[Black "Ieong, Seak Hin"]
[Result "1-0"]
[WhiteElo "1875"]
[BlackElo "1578"]
[PlyCount "112"]
[EventDate "2013.12.19"]
[EventType "swiss"]
[EventRounds "11"]
[EventCountry "UAE"]
[Source "lmi"]
[SourceDate "2013.12.19"]

1. e4 e5 2. Nf3 Nc6 3. Bc4 Nf6 4. d3 Bc5 5. O-O O-O 6. c3 d6 7. h3 h6 8. Re1
Be6 9. Nbd2 Bxc4 10. Nxc4 a6 11. b4 Ba7 12. Be3 Nh7 13. Bxa7 Rxa7 14. Ne3 g6
15. Nh2 Ng5 16. Qg4 Ne6 17. Rad1 Ra8 18. Nd5 Rc8 19. f4 h5 20. Qg3 exf4 21.
Nxf4 Qg5 22. Qxg5 Nxg5 23. Nf3 Nxf3+ 24. gxf3 Kh7 25. d4 Rfe8 26. Nd5 Kg7 27.
f4 f6 28. Kf2 Ne7 29. Nxe7 Rxe7 30. h4 Rce8 31. Kf3 Kf7 32. c4 Rd8 33. Re3 g5
34. hxg5 fxg5 35. Rg1 g4+ 36. Kg3 Kf6 37. Kh4 Rh8 38. Rge1 Rhh7 39. e5+ Kf5 40.
Rf1 Rh8 41. d5 c6 42. dxc6 bxc6 43. Rd3 Rd8 44. Ra3 Ra7 45. exd6 Rxd6 46. Ra5+
Kf6 47. Rxh5 Rg7 48. Rh6+ Ke7 49. Rxd6 Kxd6 50. Rd1+ Ke6 51. Re1+ Kf6 52. Kg3
Rb7 53. a3 a5 54. Rb1 axb4 55. axb4 Kf5 56. b5 cxb5 1-0

[Event "Wch Juvenil 2013 sub-14"]
[Site "Al-Ain UAE"]
[Date "2013.12.21"]
[Round "4.59"]
[White "Tello Chavez, Isaac Valent"]
[Black "Hoon, Gideon Jakobus"]
[Result "1-0"]
[WhiteElo "1823"]
[BlackElo "1569"]
[PlyCount "81"]
[EventDate "2013.12.19"]
[EventType "swiss"]
[EventRounds "11"]
[EventCountry "UAE"]
[Source "lmi"]
[SourceDate "2013.12.19"]

1. d4 d5 2. Nf3 Nf6 3. Bf4 Bf5 4. e3 e6 5. Bd3 Bxd3 6. Qxd3 c5 7. c3 Nc6 8.
Nbd2 h6 9. O-O Nh5 10. Be5 Nxe5 11. Nxe5 c4 12. Qc2 Bd6 13. f4 O-O 14. Qd1 Nf6
15. Qf3 b5 16. a3 a5 17. g4 Nh7 18. Rf2 Qe8 19. Qg3 Bxe5 20. dxe5 Qe7 21. h4 f6
22. exf6 Nxf6 23. g5 hxg5 24. Qxg5 Rf7 25. Rg2 Nd7 26. Qg3 Rb8 27. Kh1 Kf8 28.
Nf3 Ke8 29. Ng5 Rf8 30. Qh3 b4 31. Nxe6 Rh8 32. Nxg7+ Kf7 33. Qf5+ Nf6 34. Qg6+
Kf8 35. Ne6+ Qxe6 36. Qg7+ Ke8 37. Qxh8+ Kd7 38. Qxb8 Qh3+ 39. Kg1 Qxe3+ 40.
Kh2 Nh5 41. Qe5 1-0

[Event "Wch Juvenil 2013 sub-14"]
[Site "Al-Ain UAE"]
[Date "2013.12.21"]
[Round "4.60"]
[White "Mayed, Al-Rashedi"]
[Black "Mohamed, Marshool"]
[Result "1-0"]
[WhiteElo "1820"]
[BlackElo "1557"]
[PlyCount "39"]
[EventDate "2013.12.19"]
[EventType "swiss"]
[EventRounds "11"]
[EventCountry "UAE"]
[Source "lmi"]
[SourceDate "2013.12.19"]

1. e4 c5 2. Nf3 d6 3. d4 cxd4 4. Nxd4 Nf6 5. Nc3 Nc6 6. Bc4 h6 7. Nxc6 bxc6 8.
e5 Nh7 9. Qf3 e6 10. Qxc6+ Bd7 11. Qf3 dxe5 12. Be3 Rb8 13. O-O-O Qc7 14. Rxd7
Kxd7 15. Qxf7+ Kd8 16. Rd1+ Bd6 17. Qxe6 Qe7 18. Rxd6+ Ke8 19. Qg6+ Kf8 20. Rd7
1-0

[Event "Wch Juvenil 2013 sub-14"]
[Site "Al-Ain UAE"]
[Date "2013.12.21"]
[Round "4.89"]
[White "Kellei, Ronnie"]
[Black "Roos, Daniel"]
[Result "0-1"]
[BlackElo "1597"]
[PlyCount "110"]
[EventDate "2013.12.19"]
[EventType "swiss"]
[EventRounds "11"]
[EventCountry "UAE"]
[Source "lmi"]
[SourceDate "2013.12.19"]
[WhiteElo "1742"]

1. e4 c5 2. c3 Nf6 3. e5 Nd5 4. Bc4 Nb6 5. b3 Nc6 6. Nf3 Nxc4 7. bxc4 Qc7 8. d4
e6 9. O-O Be7 10. Nbd2 O-O 11. Ne4 Na5 12. Qe2 cxd4 13. cxd4 Qxc4 14. Qxc4 Nxc4
15. Ned2 Nb6 16. a4 Nd5 17. Ne4 b6 18. Bd2 Bb7 19. Rab1 Rfc8 20. a5 Ba6 21.
axb6 axb6 22. Rfe1 Bd3 23. Rb3 Bc4 24. Rbb1 b5 25. h4 h6 26. g4 Ra3 27. Kg2
Rca8 28. h5 Bd3 29. Rbc1 b4 30. Nc5 Bxc5 31. dxc5 b3 32. Bc3 Bc2 33. Bb2 Ra2
34. Bd4 Nf4+ 35. Kg3 Nd3 36. Ra1 Nxe1 37. Rxa2 Rxa2 38. Nxe1 b2 39. Bxb2 Rxb2
40. f3 Bb1 41. Ng2 Rc2 42. Ne3 Rxc5 43. f4 Kf8 44. g5 hxg5 45. fxg5 Rxe5 46.
Kf4 Re4+ 47. Kf3 Rh4 48. h6 gxh6 49. gxh6 Rxh6 50. Nc4 d5 51. Ne5 Be4+ 52. Ke3
Rh3+ 53. Kd4 Ke7 54. Nc6+ Kd6 55. Nb4 e5# 0-1

[Event "Wch Juvenil 2013 sub-14"]
[Site "Al-Ain UAE"]
[Date "2013.12.22"]
[Round "5.1"]
[White "Li, Di"]
[Black "Rambaldi, Francesco"]
[Result "1-0"]
[WhiteElo "2091"]
[BlackElo "2385"]
[PlyCount "167"]
[EventDate "2013.12.19"]
[EventType "swiss"]
[EventRounds "11"]
[EventCountry "UAE"]
[Source "lmi"]
[SourceDate "2013.12.19"]

1. c4 c5 2. g3 Nc6 3. Bg2 g6 4. Nf3 Bg7 5. O-O Nf6 6. Nc3 O-O 7. d4 d6 8. d5
Na5 9. Nd2 a6 10. Qc2 b5 11. cxb5 axb5 12. Nxb5 Bf5 13. e4 Bc8 14. Re1 Ba6 15.
Na3 Ng4 16. Nf3 Qb6 17. Rb1 Rfb8 18. h3 Nf6 19. Bd2 Bc8 20. b4 Nb7 21. Nc4 Qa6
22. a3 Bd7 23. Bf1 Bb5 24. bxc5 Nxc5 25. e5 Nxd5 26. exd6 exd6 27. Nxd6 Qxd6
28. Rxb5 Rxb5 29. Bxb5 Ne6 30. a4 Ndc7 31. Bf1 Qa3 32. a5 Rxa5 33. Bxa5 Qxa5
34. Rd1 Bf6 35. h4 Qa8 36. Bg2 Qa5 37. Qc6 Qc5 38. Qxc5 Nxc5 39. Bf1 Kg7 40.
Bc4 h6 41. Kg2 Kf8 42. Nh2 h5 43. Nf1 N7e6 44. Ne3 Kg7 45. Rd2 Bc3 46. Ra2 Bd4
47. Nc2 Bc3 48. Ra3 Bb2 49. Ra7 Bc3 50. Na3 Be5 51. Nb5 Bb8 52. Ra8 Be5 53. Rc8
Kf6 54. Bd5 Ke7 55. Ra8 Nd7 56. Bxe6 fxe6 57. Ra2 Bf6 58. Re2 Kf7 59. Nd6+ Ke7
60. Ne4 Nf8 61. Ra2 Bd4 62. Ra4 Bb6 63. Rb4 Nd7 64. Ng5 Bc7 65. Rb7 Be5 66. Kf3
Bd4 67. Nh3 e5 68. Ng5 Kd6 69. Ne4+ Ke6 70. Rc7 Nf8 71. Rg7 Bb2 72. Ke2 Ba3 73.
Ng5+ Kd5 74. Nf7 Ke6 75. Ng5+ Kd5 76. f3 Bb4 77. Nh7 Nxh7 78. Rxh7 Ke6 79. g4
hxg4 80. fxg4 Kf6 81. Kf3 Bf8 82. g5+ Ke6 83. Ke4 Kd6 84. Rh6 1-0

[Event "Wch Juvenil 2013 sub-14"]
[Site "Al-Ain UAE"]
[Date "2013.12.22"]
[Round "5.2"]
[White "Chow, Colin"]
[Black "Fidrilakis, Stavros"]
[Result "1-0"]
[WhiteElo "2114"]
[BlackElo "1629"]
[PlyCount "71"]
[EventDate "2013.12.19"]
[EventType "swiss"]
[EventRounds "11"]
[EventCountry "UAE"]
[Source "lmi"]
[SourceDate "2013.12.19"]

1. e4 c5 2. Nf3 e6 3. d4 cxd4 4. Nxd4 Nf6 5. Nc3 d6 6. Be2 a6 7. a4 Nc6 8. Be3
Be7 9. O-O O-O 10. f4 Qc7 11. Qe1 Re8 12. Qg3 Bd7 13. f5 Nxd4 14. Bxd4 e5 15.
Be3 Bc6 16. Bf3 Rad8 17. a5 Qb8 18. Rad1 Kh8 19. Qh3 Nd7 20. Bh5 Kg8 21. Rf3
Nf6 22. Nd5 Bb5 23. Nxe7+ Rxe7 24. Rg3 Nxe4 25. Rxg7+ Kxg7 26. Qg4+ Kf8 27.
Qxe4 Ke8 28. Bg5 Qc7 29. f6 Re6 30. Qxh7 Bc4 31. Bg4 Kd7 32. b3 Kc6 33. bxc4
Ree8 34. Qe4+ d5 35. Rxd5 Rd6 36. Rxe5+ 1-0

[Event "Wch Juvenil 2013 sub-14"]
[Site "Al-Ain UAE"]
[Date "2013.12.22"]
[Round "5.2"]
[White "Liu, Yan"]
[Black "Petrov, Vladimir Sergeev"]
[Result "1/2-1/2"]
[WhiteElo "2256"]
[BlackElo "2076"]
[PlyCount "80"]
[EventDate "2013.12.19"]
[EventType "swiss"]
[EventRounds "11"]
[EventCountry "UAE"]
[Source "lmi"]
[SourceDate "2013.12.19"]

1. d4 Nf6 2. c4 e6 3. Nf3 b6 4. e3 Bb7 5. Bd3 Bb4+ 6. Nc3 O-O 7. O-O Bxc3 8.
bxc3 d6 9. Qe2 Ne4 10. Bxe4 Bxe4 11. Nd2 Bg6 12. f4 f5 13. e4 fxe4 14. Nxe4 h6
15. g4 Nd7 16. Ng3 Qf6 17. Bd2 Rae8 18. g5 Qf7 19. h4 h5 20. Rf2 c6 21. Re1 d5
22. Bc1 c5 23. Ba3 dxc4 24. dxc5 Nxc5 25. Bxc5 bxc5 26. Qxc4 Bf5 27. Qxc5 Rc8
28. Qe3 Rfd8 29. Rd2 Rxd2 30. Qxd2 Qb7 31. Qe3 Bg4 32. g6 Qb6 33. Qxb6 axb6 34.
Re3 Kf8 35. Rd3 Ke7 36. Kf2 Ra8 37. Rd2 Ra3 38. Rc2 Bd1 39. Rd2 Bg4 40. Rc2 Bd1
1/2-1/2

[Event "Wch Juvenil 2013 sub-14"]
[Site "Al-Ain UAE"]
[Date "2013.12.22"]
[Round "5.3"]
[White "Liu, Xiangyi"]
[Black "Bashirli, Nail Qoshqar"]
[Result "1/2-1/2"]
[WhiteElo "2136"]
[BlackElo "1887"]
[PlyCount "94"]
[EventDate "2013.12.19"]
[EventType "swiss"]
[EventRounds "11"]
[EventCountry "UAE"]
[Source "lmi"]
[SourceDate "2013.12.19"]

1. e4 c5 2. Nf3 d6 3. g3 g6 4. Bg2 Bg7 5. O-O Nc6 6. c3 e5 7. a3 a5 8. a4 Nge7
9. d3 O-O 10. Na3 Be6 11. Ng5 Bd7 12. f4 h6 13. Nf3 Be6 14. Be3 Qb6 15. Qd2 Kh7
16. Nc4 Qc7 17. Na3 exf4 18. Bxf4 Ne5 19. d4 Nxf3+ 20. Bxf3 cxd4 21. cxd4 Qb6
22. Nb5 Rad8 23. Rfc1 g5 24. Be3 d5 25. e5 Nc6 26. Bg2 f6 27. exf6 Rxf6 28. Rf1
Rdf8 29. Qd3+ Kh8 30. Rxf6 Rxf6 31. Qb3 Qd8 32. Re1 Rf8 33. Qd1 Bg8 34. Qd2 Re8
35. Bf2 Re7 36. Re3 Rf7 37. Qe1 Rf8 38. Re2 Nb4 39. Qc3 Qd7 40. h3 Rc8 41. Qe3
Nc6 42. g4 Bf7 43. Qg3 Bg6 44. Kh2 Rf8 45. Qd6 Qxd6+ 46. Nxd6 Nxd4 47. Bxd4
Bxd4 1/2-1/2

[Event "Wch Juvenil 2013 sub-14"]
[Site "Al-Ain UAE"]
[Date "2013.12.22"]
[Round "5.3"]
[White "Pigeat, Alexandre"]
[Black "Rafili, Said Elchin"]
[Result "1-0"]
[WhiteElo "2002"]
[BlackElo "1611"]
[PlyCount "115"]
[EventDate "2013.12.19"]
[EventType "swiss"]
[EventRounds "11"]
[EventCountry "UAE"]
[Source "lmi"]
[SourceDate "2013.12.19"]

1. d4 Nf6 2. c4 e5 3. dxe5 Ng4 4. Bf4 g5 5. Bg3 Bg7 6. Nf3 Nc6 7. e3 Ngxe5 8.
Bxe5 Nxe5 9. Nd4 d6 10. Nc3 c6 11. Ne4 Bg4 12. f3 Bh5 13. Nf5 O-O 14. Nxg7 Kxg7
15. Qxd6 Nxf3+ 16. gxf3 Bxf3 17. Rg1 Bxe4 18. Qe5+ f6 19. Qxe4 Re8 20. Qf3 Qd4
21. Kf2 Qxb2+ 22. Be2 Re7 23. h4 Qe5 24. Qg3 Qf5+ 25. Kg2 Qe4+ 26. Bf3 Qxe3 27.
Rae1 Qd2+ 28. Kh1 Rxe1 29. Rxe1 Rf8 30. Rd1 Qa5 31. Re1 h6 32. Bh5 Qd8 33. Qa3
Qd4 34. Qe7+ Kg8 35. Qe6+ Kg7 36. Kg2 Qb2+ 37. Re2 Qb1 38. Qe7+ Kg8 39. c5 Qd3
40. Qxb7 gxh4 41. Qb3+ Qxb3 42. axb3 Rb8 43. Re3 Rb5 44. Rc3 Rb8 45. Bf3 Rc8
46. Kh3 Kf8 47. Kxh4 Ke7 48. Re3+ Kf7 49. Bh5+ Kf8 50. Re6 Rc7 51. Rxf6+ Kg7
52. Rg6+ Kh7 53. Rg3 Rb7 54. Bg6+ Kh8 55. Kh5 Rc7 56. Kxh6 Rc8 57. Bf7 Rb8 58.
Rg7 1-0

[Event "Wch Juvenil 2013 sub-14"]
[Site "Al-Ain UAE"]
[Date "2013.12.22"]
[Round "5.4"]
[White "Viswanadha, Kesav"]
[Black "Gledura, Benjamin"]
[Result "1/2-1/2"]
[WhiteElo "2169"]
[BlackElo "2399"]
[PlyCount "106"]
[EventDate "2013.12.19"]
[EventType "swiss"]
[EventRounds "11"]
[EventCountry "UAE"]
[Source "lmi"]
[SourceDate "2013.12.19"]

1. d4 Nf6 2. c4 g6 3. g3 d5 4. cxd5 Nxd5 5. Bg2 Bg7 6. Nf3 Nb6 7. O-O Nc6 8. e3
O-O 9. Nc3 Re8 10. Re1 a5 11. Qe2 a4 12. Rd1 Be6 13. Nd2 Na5 14. Nde4 Bc4 15.
Qc2 Nd5 16. Nxd5 Bxd5 17. Nc5 Bxg2 18. Kxg2 Qd5+ 19. Kg1 b5 20. b3 Nb7 21. Ba3
Nd6 22. e4 Qh5 23. e5 Nf5 24. bxa4 bxa4 25. Qe4 Nd6 26. Qd3 Nf5 27. Qe4 Nd6 28.
Qd3 Nc8 29. Nxa4 Qf5 30. Nc5 Nb6 31. Qxf5 gxf5 32. Bc1 e6 33. Bg5 Ra7 34. Rdc1
Rea8 35. Rc2 Bf8 36. Nb3 Nd5 37. Bd2 Ra3 38. Nc1 R3a4 39. Ne2 R8a7 40. f3 Ra3
41. Kf2 R3a4 42. h4 h5 43. Nf4 Rxd4 44. Nxh5 c5 45. Rb1 Ra8 46. Be3 Rda4 47.
Nf6+ Nxf6 48. exf6 Rxa2 49. Rbb2 Rxb2 50. Rxb2 Rc8 51. g4 c4 52. g5 c3 53. Rc2
e5 1/2-1/2

[Event "Wch Juvenil 2013 sub-14"]
[Site "Al-Ain UAE"]
[Date "2013.12.22"]
[Round "5.5"]
[White "Higgs, Joshua"]
[Black "Liao, Jo-Kai"]
[Result "1-0"]
[WhiteElo "1824"]
[BlackElo "1571"]
[PlyCount "49"]
[EventDate "2013.12.19"]
[EventType "swiss"]
[EventRounds "11"]
[EventCountry "UAE"]
[Source "lmi"]
[SourceDate "2013.12.19"]

1. e4 e5 2. Nf3 Nc6 3. Bb5 a6 4. Bxc6 dxc6 5. Nc3 Bd6 6. d4 exd4 7. Qxd4 Nf6 8.
e5 Qe7 9. O-O Bc5 10. exf6 Bxd4 11. fxe7 Bxc3 12. bxc3 Kxe7 13. Re1+ Be6 14.
Nd4 Rad8 15. Nxe6 fxe6 16. Bg5+ Kf7 17. Bxd8 Rxd8 18. Rad1 Rd6 19. Rxd6 cxd6
20. a4 b5 21. axb5 axb5 22. Ra1 Kf6 23. Ra6 c5 24. Rxd6 Ke5 25. Rb6 1-0

[Event "Wch Juvenil 2013 sub-14"]
[Site "Al-Ain UAE"]
[Date "2013.12.22"]
[Round "5.5"]
[White "Meunier, Clement"]
[Black "Song, Edward"]
[Result "0-1"]
[WhiteElo "2113"]
[BlackElo "2208"]
[PlyCount "122"]
[EventDate "2013.12.19"]
[EventType "swiss"]
[EventRounds "11"]
[EventCountry "UAE"]
[Source "lmi"]
[SourceDate "2013.12.19"]

1. d4 Nf6 2. c4 e6 3. Nc3 Bb4 4. e3 b6 5. Bd3 Bb7 6. f3 d5 7. Nge2 O-O 8. cxd5
exd5 9. O-O c5 10. a3 Ba5 11. Bd2 Nc6 12. Rc1 a6 13. Bb1 Qd6 14. Na4 c4 15. e4
dxe4 16. fxe4 Nxd4 17. Bxa5 Nxe2+ 18. Qxe2 bxa5 19. e5 Qd4+ 20. Kh1 Rfe8 21.
Ba2 Rxe5 22. Qxc4 Qxc4 23. Bxc4 h5 24. Nb6 Rd8 25. Rcd1 Rxd1 26. Rxd1 Re3 27.
Kg1 g6 28. Kf1 Kg7 29. Nd5 Nxd5 30. Bxd5 Bc8 31. Rc1 Bd7 32. Rc2 Bb5+ 33. Kf2
Re5 34. Bf3 h4 35. b3 g5 36. Rc7 Kg6 37. a4 Bd3 38. Rc3 Be4 39. Bxe4+ Rxe4 40.
Rc6+ Re6 41. Rc5 Rf6+ 42. Ke2 Rb6 43. Rxa5 Rxb3 44. Rxa6+ Kf5 45. h3 Ra3 46.
Kf2 Ke5 47. a5 f5 48. Ra8 Kf4 49. a6 Ra2+ 50. Kf1 g4 51. hxg4 fxg4 52. a7 Kg3
53. Re8 Rxa7 54. Re3+ Kh2 55. Re4 Ra1+ 56. Kf2 Ra2+ 57. Kf1 Rxg2 58. Ra4 h3 59.
Ra8 g3 60. Rg8 Rf2+ 61. Ke1 Rf7 0-1

[Event "Wch Juvenil 2013 sub-14"]
[Site "Al-Ain UAE"]
[Date "2013.12.22"]
[Round "5.6"]
[White "Atabayev, Saparmyrat"]
[Black "Lopez Mulet, Iñigo"]
[Result "1-0"]
[WhiteElo "2203"]
[BlackElo "2151"]
[PlyCount "85"]
[EventDate "2013.12.19"]
[EventType "swiss"]
[EventRounds "11"]
[EventCountry "UAE"]
[Source "lmi"]
[SourceDate "2013.12.19"]

1. e4 e6 2. d4 d5 3. Nd2 c5 4. exd5 Qxd5 5. Ngf3 cxd4 6. Bc4 Qd8 7. O-O Nc6 8.
Nb3 Nf6 9. Nbxd4 Nxd4 10. Nxd4 Bc5 11. Nb3 Qxd1 12. Rxd1 Bb6 13. a4 a6 14. a5
Ba7 15. Bd2 Bd7 16. Bc3 Bc6 17. Bd4 Bxd4 18. Nxd4 Bd5 19. Bxd5 Nxd5 20. Nf5
O-O-O 21. c4 exf5 22. cxd5 Rhe8 23. Rd2 Re5 24. Rad1 Kd7 25. Rd3 Re4 26. Rb3
Kc8 27. f3 Ra4 28. d6 Rxa5 29. Rc1+ Kb8 30. Rc7 Rxd6 31. Rcxb7+ Kc8 32. Rxf7 g5
33. h4 h6 34. Rc3+ Kd8 35. Rcc7 Rad5 36. Ra7 Rd7 37. Raxd7+ Rxd7 38. Rxf5 Rg7
39. Rf6 gxh4 40. Rxh6 a5 41. Rxh4 Kc7 42. Ra4 Kb6 43. b4 1-0

[Event "Wch Juvenil 2013 sub-14"]
[Site "Al-Ain UAE"]
[Date "2013.12.22"]
[Round "5.6"]
[White "Modi, Sachin"]
[Black "Isakzhanov, Aibek"]
[Result "1/2-1/2"]
[WhiteElo "1658"]
[BlackElo "1807"]
[PlyCount "56"]
[EventDate "2013.12.19"]
[EventType "swiss"]
[EventRounds "11"]
[EventCountry "UAE"]
[Source "lmi"]
[SourceDate "2013.12.19"]

1. e4 c5 2. Nc3 e6 3. f4 g6 4. Nf3 Bg7 5. Bc4 Ne7 6. O-O Nbc6 7. d3 d5 8. Bb3
O-O 9. Qe1 Na5 10. Bd2 Nxb3 11. axb3 b6 12. e5 Bb7 13. g4 Qd7 14. Ne2 f5 15. g5
d4 16. b4 Qc6 17. Ng3 Nd5 18. Qf2 Rfd8 19. bxc5 bxc5 20. b3 Bf8 21. Nh4 Rd7 22.
Nf3 Be7 23. Nh4 Bd8 24. Ra3 Bb6 25. Rfa1 Rc8 26. Rc1 Qc7 27. h3 Ra8 28. Kh2 Qc6
1/2-1/2

[Event "Wch Juvenil 2013 sub-14"]
[Site "Al-Ain UAE"]
[Date "2013.12.22"]
[Round "5.7"]
[White "Aravindh, Chithambaram Vr"]
[Black "Papadopoulos, Argirios"]
[Result "1-0"]
[WhiteElo "2415"]
[BlackElo "2005"]
[PlyCount "59"]
[EventDate "2013.12.19"]
[EventType "swiss"]
[EventRounds "11"]
[EventCountry "UAE"]
[Source "lmi"]
[SourceDate "2013.12.19"]

1. e4 c5 2. Nf3 e6 3. b3 Nf6 4. e5 Nd5 5. Bb2 Nc6 6. g3 Be7 7. Bg2 O-O 8. O-O
f6 9. c4 Ndb4 10. d4 Nxd4 11. Nxd4 cxd4 12. Bxd4 f5 13. Bb2 d6 14. exd6 Bxd6
15. Nc3 Rb8 16. Nb5 Bc5 17. Be5 Ra8 18. Qxd8 Rxd8 19. Rad1 Rf8 20. Nc7 Rb8 21.
Rfe1 Kf7 22. Nb5 Ra8 23. Bxb7 Bxb7 24. Rd7+ Kg6 25. Rxg7+ Kh6 26. Rxb7 Nd3 27.
Bg7+ Kh5 28. Rxe6 Rfd8 29. Kg2 Nxf2 30. Bd4 1-0

[Event "Wch Juvenil 2013 sub-14"]
[Site "Al-Ain UAE"]
[Date "2013.12.22"]
[Round "5.7"]
[White "Jamar, Vadim"]
[Black "Liebert, Erwin"]
[Result "1-0"]
[WhiteElo "1803"]
[BlackElo "1526"]
[PlyCount "85"]
[EventDate "2013.12.19"]
[EventType "swiss"]
[EventRounds "11"]
[EventCountry "UAE"]
[Source "lmi"]
[SourceDate "2013.12.19"]

1. e4 e5 2. Nf3 Nc6 3. Bc4 Nf6 4. d4 exd4 5. e5 d5 6. Bb5 Ne4 7. Nxd4 Bd7 8.
Bxc6 bxc6 9. Be3 c5 10. Nb3 d4 11. Bf4 Ng5 12. Bxg5 Qxg5 13. O-O Bc6 14. g3 Be7
15. f4 Qf5 16. Na5 Be4 17. Na3 Rd8 18. Re1 O-O 19. Qe2 Bd5 20. b3 h5 21. Nb5
Rd7 22. Nc4 a6 23. Nba3 h4 24. Nd2 hxg3 25. hxg3 d3 26. cxd3 c4 27. Naxc4 Bc5+
28. Ne3 Bxe3+ 29. Qxe3 Qh3 30. Ne4 Rfd8 31. g4 Qh7 32. Re2 Bxe4 33. Qxe4 Qh3
34. Qg2 Qxd3 35. Rae1 Qd4+ 36. Qf2 Qxf2+ 37. Kxf2 Rd2 38. Rxd2 Rxd2+ 39. Re2
Rd5 40. Rc2 Kf8 41. Ke3 Ra5 42. a4 c5 43. Ke4 1-0

[Event "Wch Juvenil 2013 sub-14"]
[Site "Al-Ain UAE"]
[Date "2013.12.22"]
[Round "5.8"]
[White "Foziljonov, Khojiakbar"]
[Black "Bedon, Kevin"]
[Result "1-0"]
[WhiteElo "1801"]
[BlackElo "1671"]
[PlyCount "97"]
[EventDate "2013.12.19"]
[EventType "swiss"]
[EventRounds "11"]
[EventCountry "UAE"]
[Source "lmi"]
[SourceDate "2013.12.19"]

1. e4 e5 2. Nf3 Nc6 3. Bb5 a6 4. Ba4 Nf6 5. O-O b5 6. Bb3 Be7 7. Re1 O-O 8. h3
d6 9. c3 Nb8 10. d4 Nbd7 11. Nbd2 c5 12. Nf1 Qc7 13. Ng3 c4 14. Bc2 Re8 15. Nf5
Bf8 16. g4 exd4 17. Qxd4 Nc5 18. Bf4 Ne6 19. Qd2 Nxf4 20. Qxf4 Nd7 21. Rad1 Ne5
22. N3d4 Bb7 23. Ne3 Ng6 24. Qf3 Be7 25. Ndf5 Rad8 26. Nd5 Bxd5 27. Rxd5 Bf6
28. a4 b4 29. Red1 b3 30. Bb1 Be5 31. g5 Nf4 32. Qg4 Re6 33. R5d2 h5 34. Qh4
Rg6 35. Kh1 Rd7 36. Nd4 Re7 37. Ne2 Nxe2 38. Rxe2 f6 39. f4 fxg5 40. Qxh5 Rh6
41. Qxg5 Bf6 42. Qd5+ Kf8 43. Qxd6 Qxd6 44. Rxd6 Rxh3+ 45. Kg2 Rh6 46. e5 g5
47. f5 Bg7 48. Rxh6 Bxh6 49. f6 1-0

[Event "Wch Juvenil 2013 sub-14"]
[Site "Al-Ain UAE"]
[Date "2013.12.22"]
[Round "5.8"]
[White "Tari, Aryan"]
[Black "Acsinte, Matei-Ionut"]
[Result "1/2-1/2"]
[WhiteElo "2418"]
[BlackElo "2094"]
[PlyCount "49"]
[EventDate "2013.12.19"]
[EventType "swiss"]
[EventRounds "11"]
[EventCountry "UAE"]
[Source "lmi"]
[SourceDate "2013.12.19"]

1. e4 e6 2. d4 d5 3. Nd2 Nf6 4. e5 Nfd7 5. Bd3 c5 6. c3 Nc6 7. Ne2 cxd4 8. cxd4
f6 9. exf6 Nxf6 10. Nf3 Bd6 11. O-O Qc7 12. Bg5 O-O 13. Rc1 Bd7 14. Ng3 Rae8
15. a3 Qb6 16. b4 e5 17. dxe5 Nxe5 18. Be2 Neg4 19. Nd4 h6 20. Bxf6 Nxf6 21.
Bf3 Ne4 22. Nb3 Kh8 23. Bxe4 dxe4 24. Nc5 Bb5 25. Re1 1/2-1/2

[Event "Wch Juvenil 2013 sub-14"]
[Site "Al-Ain UAE"]
[Date "2013.12.22"]
[Round "5.9"]
[White "Zajic, Milan"]
[Black "Kozusek, Daniel"]
[Result "1-0"]
[WhiteElo "2340"]
[BlackElo "2090"]
[PlyCount "65"]
[EventDate "2013.12.19"]
[EventType "swiss"]
[EventRounds "11"]
[EventCountry "UAE"]
[Source "lmi"]
[SourceDate "2013.12.19"]

1. e4 e6 2. d4 d5 3. Nd2 Nf6 4. Bd3 c5 5. e5 Nfd7 6. c3 Nc6 7. Ne2 cxd4 8. cxd4
f6 9. exf6 Nxf6 10. O-O Bd6 11. Nf3 Qc7 12. Bg5 O-O 13. Bh4 Nh5 14. Qc2 h6 15.
Bh7+ Kh8 16. Bg6 Rxf3 17. Bxh5 Rf5 18. Bg6 Rf8 19. Bg3 Bd7 20. Rac1 Be8 21. Bd3
Rc8 22. Bb5 Bxg3 23. hxg3 Qb6 24. Bxc6 Bxc6 25. Nf4 Rxf4 26. gxf4 Qxd4 27. g3
Qf6 28. Rfe1 g5 29. fxg5 hxg5 30. Qe2 Kg7 31. Qxe6 Rh8 32. Rxc6 bxc6 33. Qd7+
1-0

[Event "Wch Juvenil 2013 sub-14"]
[Site "Al-Ain UAE"]
[Date "2013.12.22"]
[Round "5.10"]
[White "Visakh, Nr"]
[Black "Puccini, Jack"]
[Result "1-0"]
[WhiteElo "2303"]
[BlackElo "2073"]
[PlyCount "127"]
[EventDate "2013.12.19"]
[EventType "swiss"]
[EventRounds "11"]
[EventCountry "UAE"]
[Source "lmi"]
[SourceDate "2013.12.19"]

1. e4 c5 2. Nf3 d6 3. d4 cxd4 4. Nxd4 Nf6 5. Nc3 a6 6. Bc4 e6 7. O-O b5 8. Bb3
Be7 9. Qf3 Qb6 10. Be3 Qb7 11. Qg3 b4 12. Na4 Nbd7 13. f3 O-O 14. Rfd1 Kh8 15.
Kh1 Ne5 16. c3 Bd7 17. Nb6 Qxb6 18. Nf5 Nh5 19. Qxe5 Qxe3 20. Nxe3 dxe5 21.
Rxd7 Bc5 22. Nc4 bxc3 23. bxc3 f6 24. g3 Rac8 25. Rad1 Rfe8 26. R1d3 g6 27. Nd6
Bxd6 28. R7xd6 a5 29. Bxe6 Rb8 30. Bb3 Re7 31. Ra6 f5 32. Rxa5 fxe4 33. fxe4
Nf6 34. Ra4 Rf8 35. h3 Nd7 36. Ra5 Nf6 37. Bd5 Nxd5 38. Raxd5 Ref7 39. Rd2 Rf3
40. R5d3 Rf1+ 41. Kg2 Re1 42. Rd8 Rxd8 43. Rxd8+ Kg7 44. Kf3 Rf1+ 45. Ke2 Rg1
46. Rd7+ Kf6 47. g4 Rg3 48. Rxh7 Rxc3 49. h4 Rc2+ 50. Kd3 Rxa2 51. g5+ Ke6 52.
Rg7 Ra3+ 53. Ke2 Rh3 54. Rxg6+ Kf7 55. Rh6 Kg7 56. Kf2 Kg8 57. h5 Kg7 58. Kg2
Re3 59. Re6 Rxe4 60. h6+ Kh7 61. Re7+ Kg6 62. Rg7+ Kf5 63. h7 Rh4 64. g6 1-0